Stemmi Squadre di calcio - America del Sud - Quiz n°3 - Statistics

Statistiche generali
  • Questo quiz è stato fatto 292 volte
  • Il punteggio medio è 7 su 10
Statistiche sulle risposte
con Immagini Risposta % Corretto
Santos Futebol Clube
97%
Sociedade Esportiva Palmeiras
91%
Arsenal Fútbol Club
90%
Asociación Atlética Argentinos Juniors
86%
Coritiba Foot Ball Club
83%
Clube Atlético Mineiro
77%
Club Atlético Rosario Central
61%
Club Atlético Huracán
57%
Club Deportivo Universidad Católica
30%
Corporación Deportiva Once Caldas
23%
Nessun quiz corrispondente trovato
Distribuzione punteggi
Percentuale di utenti per punteggio
Percentile per numero di risposta
I tuoi punteggi nel tempo
Non hai fatto questo quiz